| 000 | 00689nam a2200217 a 4500 | ||
|---|---|---|---|
| 001 | 1232886 | ||
| 003 | AM-YEHGA | ||
| 005 | 20260129154210.0 | ||
| 008 | 171221s1905 un |||||||||||||||0|rus|d | ||
| 040 | _aAM-YeHGA | ||
| 041 | 1 |
_arus _hfre |
|
| 100 | 1 | _aАрну, Артюр | |
| 245 | 1 | 0 |
_aМертвецы Коммуны : _bПер. с французского / _cА. Арну. |
| 260 |
_aОдесса : _bБуревестник, _c1905. |
||
| 300 |
_a15 с. ; _c21 см. |
||
| 650 | 1 | 4 |
_aՀամաշխարհային պատմություն _95843 |
| 650 | 1 | 4 | _aИстория Франции |
| 651 | 4 |
_aФранция _xИстория |
|
| 942 |
_2udc _cBK |
||
| 090 | _c570680 | ||
| 999 |
_c531828 _d531828 |
||